Sistemas de producción de café en Colombia / (Registro nro. 12664)
[ vista simple ]
| 000 -LEADER | |
|---|---|
| fixed length control field | 01532nam a2200265Ia 4500 |
| 003 - CONTROL NUMBER IDENTIFIER | |
| control field | OSt |
| 005 - DATE AND TIME OF LATEST TRANSACTION | |
| control field | 20211007163014.0 |
| 008 - FIXED-LENGTH DATA ELEMENTS--GENERAL INFORMATION | |
| fixed length control field | 210310s2007 ck ao gr 000 0 spa d |
| 040 ## - CATALOGING SOURCE | |
| Original cataloging agency | CO-JMCR |
| Transcribing agency | CO-JMCR |
| 041 0# - LANGUAGE CODE | |
| Language code of text/sound track or separate title | spa |
| 082 04 - DEWEY DECIMAL CLASSIFICATION NUMBER | |
| Classification number | 338.17373 / |
| Item number | A674s |
| Edition number | 23 |
| 100 1# - MAIN ENTRY--PERSONAL NAME | |
| Personal name | Arcila P, Jaime, |
| Relator term | autor |
| 9 (RLIN) | 28871 |
| 245 10 - TITLE STATEMENT | |
| Title | Sistemas de producción de café en Colombia / |
| Statement of responsibility, etc. | Jaime Arcila P., Fernando Farfán V., Argemiro Moreno B. [y otros]. |
| 250 ## - EDITION STATEMENT | |
| Edition statement | Primera edición. |
| 260 ## - PUBLICATION, DISTRIBUTION, ETC. | |
| Place of publication, distribution, etc. | Chinchiná, Colombia : |
| Name of publisher, distributor, etc. | Federación Nacional de Cafeteros de Colombia, |
| Date of publication, distribution, etc. | 2007. |
| 300 ## - PHYSICAL DESCRIPTION | |
| Extent | 309 páginas : |
| Other physical details | Ilustraciones, gráficas y fotografías a color ; |
| Dimensions | 28 cm. |
| 504 ## - BIBLIOGRAPHY, ETC. NOTE | |
| Bibliography, etc. note | Bibliografía : páginas 295-309. |
| 505 0# - FORMATTED CONTENTS NOTE | |
| Formatted contents note | Fundamentos sobre sistemas de producción. -- Crecimiento y desarrollo de la planta de café. -- Factores que determinan la producción de cafetal. -- Las arvenses y su manejo en los cafetales. -- Densidad de siembra y productividad de los cafetales. -- Renovación y administración de los lotes para estabilizar la producción de café en la finca. -- Producción de café en sistemas agroforestales. -- Consideraciones sobre la nutrición mineral y orgánica en los sistemas de producción de café. |
| 650 14 - SUBJECT ADDED ENTRY--TOPICAL TERM | |
| Topical term or geographic name entry element | Sistemas de producción cafetera |
| Geographic subdivision | Colombia |
| 9 (RLIN) | 41029 |
| 650 24 - SUBJECT ADDED ENTRY--TOPICAL TERM | |
| Topical term or geographic name entry element | Desarrollo de plantas de café |
| Geographic subdivision | Colombia |
| 9 (RLIN) | 41030 |
| 650 24 - SUBJECT ADDED ENTRY--TOPICAL TERM | |
| Topical term or geographic name entry element | Producción cafetera |
| Geographic subdivision | Colombia |
| 9 (RLIN) | 41031 |
| 700 1# - ADDED ENTRY--PERSONAL NAME | |
| Personal name | Farfán V., Fernando, |
| Relator term | autor |
| 9 (RLIN) | 41032 |
| 700 1# - ADDED ENTRY--PERSONAL NAME | |
| Personal name | Moreno B., Argemiro, |
| Relator term | autor |
| 9 (RLIN) | 41033 |
| 942 ## - ADDED ENTRY ELEMENTS (KOHA) | |
| Source of classification or shelving scheme | Dewey Decimal Classification |
| Koha item type | Books |
| Withdrawn status | Lost status | Source of classification or shelving scheme | Damaged status | Not for loan | Home library | Current library | Shelving location | Date acquired | Source of acquisition | Total Checkouts | Full call number | Barcode | Date last seen | Date last checked out | Copy number | Price effective from | Koha item type |
|---|---|---|---|---|---|---|---|---|---|---|---|---|---|---|---|---|---|
| Dewey Decimal Classification | Biblioteca Pública José María del Castillo y Rada | Biblioteca Pública José María del Castillo y Rada | General Stacks | 04/15/2018 | Donación | 1 | 338.17373 / A674s | 430005357 | 03/10/2026 | 03/10/2026 | Ej.1 | 03/10/2021 | Books |